Central Library OPAC University of Rajshahi

Principles of computer programming / (Record no. 51374)

MARC details
000 -LEADER
fixed length control field 00680nam a2200241 a 4500
001 - CONTROL NUMBER
control field 51374
003 - CONTROL NUMBER IDENTIFIER
rucl marc code BD-RjUL
005 - DATE AND TIME OF LATEST TRANSACTION
control field 20211209075642.0
008 - FIXED-LENGTH DATA ELEMENTS--GENERAL INFORMATION
fixed length control field 160830s1977 ii a 000 0 eng d
035 ## - SYSTEM CONTROL NUMBER
System control number (BD-RjUL)51494
040 ## - CATALOGING SOURCE
Original cataloging agency TXA
Transcribing agency TXA
Modifying agency EQO
-- BD-RjUL
Language of cataloging eng
041 ## - LANGUAGE CODE
Language code of text/sound track or separate title eng
082 ## - DEWEY DECIMAL CLASSIFICATION NUMBER
Edition number 23
Classification number 005.1
Author mark and year RAP 1977
090 ## - LOCALLY ASSIGNED LC-TYPE CALL NUMBER (OCLC); LOCAL CALL NUMBER (OCLC)
Classification number (OCLC) (R) ; Classification number, CALL (RLIN) (NR) QA76
Local cutter number (OCLC) ; Book number/undivided call number, CALL (RLIN) .R3
100 1# - MAIN ENTRY--PERSONAL NAME
Personal name Rajaraman, V.
9 (RLIN) 152890
245 10 - TITLE STATEMENT
Title Principles of computer programming /
Statement of responsibility, etc. V. Rajaraman.
250 ## - EDITION STATEMENT
Edition statement 2nd ed.
260 ## - PUBLICATION, DISTRIBUTION, ETC. (IMPRINT)
Place of publication, distribution, etc. New Delhi :
Name of publisher, distributor, etc. Prentice-Hall of India Private,
Date of publication, distribution, etc. 1977
300 ## - PHYSICAL DESCRIPTION
Pagination [8], 176 p. :
Illustrations ill. ;
Size 28 cm.
500 ## - GENERAL NOTE
General note Includes index.
650 #0 - SUBJECT ADDED ENTRY--TOPICAL TERM
Topical term or geographic name as entry element Computer programming
9 (RLIN) 138757
942 ## - ADDED ENTRY ELEMENTS (KOHA)
Source of classification or shelving scheme Dewey Decimal Classification
Koha item type Books
Holdings
Lost status Source of classification or shelving scheme Damaged status Not for loan Collection code Permanent Location Current Location Shelving location Date acquired Source of acquisition Cost, normal purchase price Total Checkouts Full call number Date last seen Copy number Koha item type
  Dewey Decimal Classification     Non-fiction Central Library, University of Rajshahi Central Library, University of Rajshahi   05/03/1979 Indian Int., Calautta 15.00   005.1 RAP 1977 30/08/2016 C-2 Books